Les 2 meilleurs défenseurs axiaux de ces grands clubs dans l'histoir - Statistiques

Statistiques générales
  • Ce quiz a été pris 50 fois
  • Le résultat moyen est 18 sur 30
Statistiques - réponses
Clubs Nationalités Joueurs % Correct
FC Barcelone Espagne Gérard Pique
98%
Réal Madrid Espagne Sergio Ramos
98%
FC Barcelone Espagne Carles Puyol
96%
Liverpool Pays-Bas Virgil Van Dijk
96%
Paris Saint-Germain Brésil Marquinhos
91%
Paris Saint-Germain Brésil Thiago Silva
91%
Chelsea Angleterre John Terry
89%
Manchester United Angleterre Rio Ferdinand
89%
Juventus Turin Italie Giorgio Chiellini
84%
Borussia Dortmund Allemagne Mats Hummels
84%
Manchester United Serbie Nemanja Vidic
84%
Manchester City Belgique Vincent Kompany
84%
AC Milan Italie Alessandro Nesta
78%
Manchester City Angleterre John Stones
73%
Réal Madrid Espagne Fernando Hierro
71%
Olympique Lyonnais Brésil Cris
67%
Arsenal Angleterre Sol Campbell
67%
Bayern Munich Allemagne Franz Beckenbauer
64%
AC Milan Italie Franco Baresi
60%
Chelsea Angleterre Gary Cahill
58%
Olympique de Marseille France Basile Boli
53%
Liverpool Angleterre Jamie Carragher
49%
Inter Milan Italie Alessandro Bastoni
36%
Olympique de Marseille Brésil Carlos Moser
18%
Arsenal Angleterre Steven Adams
18%
Olympique Lyonnais Brésil Edmilson
13%
Bayern Munich Allemagne Hans-Georg Schwarzenbeck
4%
Juventus Turin Italie Gaetano Scirea
2%
Inter Milan Italie Giuseppe Bergomi
2%
Borussia Dortmund Allemagne Jurgen Kohler
0%
Aucun quiz correspondant
Distribution des résultats
% des personnes avec chaque résultat
Percentile par nombre de réponses
Votre historique - résultats
Vous n’avez pas pris ce quiz